000 00273nam a22001097a 4500
008 170117b xxu||||| |||| 00| 0 eng d
020 _a9780781769235
041 _aeng
080 _23RD
_a618.2
245 _aPHOTO ATLAS OF MEDICATION ADMINISTRATION
_cLYNN, P
942 _2udc
_cBK
999 _c2987
_d2987